LEADER 00980nam0-2200337---450- 001 990008344720403321 005 20060614130000.0 010 $a0-299-15114-X 035 $a000834472 035 $aFED01000834472 035 $a(Aleph)000834472FED01 035 $a000834472 100 $a20060614d1996----km-y0itay50------ba 101 0 $aeng 102 $aUS 105 $aa-------001yy 200 1 $aWorshipping Athena$ePanathenaia and Parthenon$fedited by Jenifer Neils 210 $aMadison$cUniversity of Wisconsin Press$dİ1996 215 $aXII, 249 p.$cill.$d23 cm 225 1 $aWisconsin studies in classics 610 0 $aPanatenaiche 610 0 $aAtene$aUsi e costumi$aSec. 8.-5. a.c. 676 $a292.360 938 5$v20$zita 702 1$aNeils,$bJenifer 801 0$aIT$bUNINA$gRICA$2UNIMARC 901 $aBK 912 $a990008344720403321 952 $a292.36 NEI 1$bBibl.32776$fFLFBC 959 $aFLFBC 996 $aWorshipping Athena$9722410 997 $aUNINA LEADER 01328nam--2200373---450- 001 990006027700203316 005 20150416115217.0 035 $a000602770 035 $aUSA01000602770 035 $a(ALEPH)000602770USA01 035 $a000602770 100 $a20150416d1995----km-y0itay50------ba 101 $aita 102 $aIT 105 $aa---||||001yy 200 1 $a<> inedito contributo alla storia della ceramica vietrese$eGennaro Tajano, un riggiolaro vietrese esecutore dei pavimenti delle chiese di S. Maria del Carmelo e del SS. Corpo di Cristo a Pagani$fAdriano Caffaro 210 $aAmalfi$cCentro di cultura e storia amalfitana$d1995 215 $aP. 275-287$cill.$d21 cm. 300 $aEstr. da: Rassegna del Centro di Cultura e Storia Amalfitana vol. 14, 7/8 (1994) 410 0$12001 454 1$12001 461 1$1001-------$12001 607 $aPagani$xChiesa del Santissimo Corpo di Cristo 607 $aPagani$xChiesa del Carminello 676 $a738.0922 700 1$aCAFFARO,$bAdriano$036166 801 0$aIT$bsalbc$gISBD 912 $a990006027700203316 951 $aXVII. Misc. 95$b3249 DBC$cXVII. Misc. 959 $aBK 969 $aCBC 979 $aRIVELLI$b90$c20150416$lUSA01$h1152 996 $aInedito contributo alla storia della ceramica vietrese$91077743 997 $aUNISA